Влияние водорода на формирование ультрамелкозернистой структуры в титановом сплаве ВТ16; Перспективы развития фундаментальных наук; Т. 1 : Физика
| Parent link: | Перспективы развития фундаментальных наук=Prospects of Fundamental Sciences Development: сборник научных трудов XVIII Международной конференции студентов, аспирантов и молодых ученых, г. Томск, 27-30 апреля 2021 г./ Национальный исследовательский Томский политехнический университет (ТПУ) ; под ред. И. А. Курзиной, Г. А. Вороновой.— , 2021 Т. 1 : Физика.— 2021.— [С. 367-369] |
|---|---|
| Glavni avtor: | |
| Korporativna značnica: | |
| Drugi avtorji: | |
| Izvleček: | Заглавие с экрана The electron microscopic methods were used to study the formation of an ultrafine-grained structure in VT16 titanium alloy by pressing using reversible doping with hydrogen. It is shown that the presence in the solid solution of 0.15 wt. % of hydrogen makes it possible to form an ultrafine-grained structure in VT16 alloy with a greater dispersion of elements and increased strength characteristics compared to an unalloyed hydrogen alloy. |
| Jezik: | ruščina |
| Izdano: |
2021
|
| Teme: | |
| Online dostop: | http://earchive.tpu.ru/handle/11683/68265 |
| Format: | Elektronski Book Chapter |
| KOHA link: | https://koha.lib.tpu.ru/cgi-bin/koha/opac-detail.pl?biblionumber=633446 |
MARC
| LEADER | 00000naa2a2200000 4500 | ||
|---|---|---|---|
| 001 | 633446 | ||
| 005 | 20231102024649.0 | ||
| 035 | |a (RuTPU)RU\TPU\conf\35194 | ||
| 035 | |a RU\TPU\conf\35191 | ||
| 090 | |a 633446 | ||
| 100 | |a 20210819d2021 k y0rusy50 ca | ||
| 101 | 0 | |a rus |d eng | |
| 102 | |a RU | ||
| 105 | |a y z 100zy | ||
| 135 | |a drgn ---uucaa | ||
| 181 | 0 | |a i | |
| 182 | 0 | |a b | |
| 200 | 1 | |a Влияние водорода на формирование ультрамелкозернистой структуры в титановом сплаве ВТ16 |d Influence of hydrogen on formation of the ultra-grain structure in the titanium alloy VT16 |f А. О. Хованова |g науч. рук. Г. П. Грабовецкая | |
| 203 | |a Текст |c электронный | ||
| 230 | |a 1 компьютерный файл (pdf; 257 Kb) | ||
| 300 | |a Заглавие с экрана | ||
| 330 | |a The electron microscopic methods were used to study the formation of an ultrafine-grained structure in VT16 titanium alloy by pressing using reversible doping with hydrogen. It is shown that the presence in the solid solution of 0.15 wt. % of hydrogen makes it possible to form an ultrafine-grained structure in VT16 alloy with a greater dispersion of elements and increased strength characteristics compared to an unalloyed hydrogen alloy. | ||
| 461 | 1 | |0 (RuTPU)RU\TPU\conf\35054 |t Перспективы развития фундаментальных наук |l Prospects of Fundamental Sciences Development |o сборник научных трудов XVIII Международной конференции студентов, аспирантов и молодых ученых, г. Томск, 27-30 апреля 2021 г. |o в 7 т. |f Национальный исследовательский Томский политехнический университет (ТПУ) ; под ред. И. А. Курзиной, Г. А. Вороновой |d 2021 | |
| 463 | 1 | |0 (RuTPU)RU\TPU\conf\35055 |t Т. 1 : Физика |v [С. 367-369] |d 2021 | |
| 510 | 1 | |a Influence of hydrogen on formation of the ultra-grain structure in the titanium alloy VT16 |z eng | |
| 610 | 1 | |a электронный ресурс | |
| 610 | 1 | |a труды учёных ТПУ | |
| 610 | 1 | |a водород | |
| 610 | 1 | |a ультрамелкозернистые структуры | |
| 610 | 1 | |a титановые сплавы | |
| 610 | 1 | |a ВТ16 | |
| 610 | 1 | |a деформации | |
| 610 | 1 | |a твердые растворы | |
| 700 | 1 | |a Хованова |b А. О. | |
| 702 | 1 | |a Грабовецкая |b Г. П. |4 727 | |
| 712 | 0 | 2 | |a Национальный исследовательский Томский политехнический университет |c (2009- ) |2 stltpush |3 (RuTPU)RU\TPU\col\15902 |9 26305 |
| 801 | 2 | |a RU |b 63413507 |c 20210902 |g RCR | |
| 856 | 4 | |u http://earchive.tpu.ru/handle/11683/68265 | |
| 942 | |c BK | ||